000
00276nam a2200145Ia 4500
100
_a
Bers/Lipman
942
_c
BK
654
_a
calculus
245
_a
Calculus
260
_b
Holt
_a
Newyork
_c
1969
082
_a
515
_b
BER
300
_a
932
546
_a
ENGLISH
999
_c
31952
_d
31952